01507cam a2200313 a 450000100100000000500170001000800410002702000150006802000150008302000150009804000290011305000210014208200220016310000410018524502170022626000560044330000240049949001150052365000660063865100490070465000580075365000600081170000400087191000340091104900090094595201120095495201120106699900150117800000653320200929153940.0910424s1990 ve a b 000 0 spa  a9802224065 a980222426X a9802224278 aDO-SdBNPbspacLCdBNPHU00aF2319b.P73 1990 a987/.00498bP912e1 aPrato-Perelli, Antoinette da.91813914aLas encomiendas de Nueva Andalucia en el siglo XVII :bvisita hecha por don Fernando de la Riva Aguero, oidor de la Audiencia de Santo Domingo, 1688 : traslado y estudio preliminar /cAntoinette da Prato-Perelli. aCaracas :bAcademia Nacional de la Historia,c1990. av. :bil. ;c23 cm.1 aBiblioteca de la Academia Nacional de la Historia :pFuentes para la Historia Colonial de Venezuela,v202v203 0aIndians of south americazVenezuelaxHistoryxSources.918140 0aVenezuelaxHistoryyTo 1810xSources.918141 0aEncomiendas (latin america)xHistoryxSources.918142 0aIndians of south americazVenezuelaxPopulation.9181431 aRiva Aguero, Fernando de la.918144 aCatalogación por copia / LC aBNGR 001052708MOaGRbGRcCTd2009-08-31iLF1l0ov.1p6533-10r2020-06-25w2020-06-25y2ZPréstamo interno 001052708MOaGRbGRcCTd2010-02-02iLF1l0ov.2p6533-20r2020-06-25w2020-06-25y2ZPréstamo interno c6324d6324